The importance of Agape Christian museum centre in the context of Christian witness in Manipur (Record no. 8984)

MARC details
000 -LEADER
fixed length control field 00500nam a22001697a 4500
003 - CONTROL NUMBER IDENTIFIER
control field GBCCL
005 - DATE AND TIME OF LATEST TRANSACTION
control field 20241126110702.0
008 - FIXED-LENGTH DATA ELEMENTS--GENERAL INFORMATION
fixed length control field 220211b ||||| |||| 00| 0 eng d
040 ## - CATALOGING SOURCE
Transcribing agency gbc
082 ## - DEWEY DECIMAL CLASSIFICATION NUMBER
Classification number 246
Item number HAO
100 ## - MAIN ENTRY--PERSONAL NAME
Personal name Haokip, Lhunkhohao
9 (RLIN) 15705
245 ## - TITLE STATEMENT
Title The importance of Agape Christian museum centre in the context of Christian witness in Manipur
260 ## - PUBLICATION, DISTRIBUTION, ETC.
Place of publication, distribution, etc. Churachandpur :
Name of publisher, distributor, etc. Lhunkhohao Haokip,
Date of publication, distribution, etc. 2001
300 ## - PHYSICAL DESCRIPTION
Extent 128p, ;
650 ## - SUBJECT ADDED ENTRY--TOPICAL TERM
Topical term or geographic name entry element Christian museum
9 (RLIN) 15706
942 ## - ADDED ENTRY ELEMENTS (KOHA)
Source of classification or shelving scheme Dewey Decimal Classification
Koha item type Books
Holdings
Withdrawn status Lost status Source of classification or shelving scheme Damaged status Not for loan Home library Current Library Shelving location Date acquired Total checkouts Full call number Barcode Date last seen Copy number Price effective from Koha item type
    Dewey Decimal Classification     GRACE BIBLE COLLEGE GRACE BIBLE COLLEGE North East Collection 2022-02-11   246 HAO 005327 2025-05-01 c.1 2022-02-11 Books
    Dewey Decimal Classification     GRACE BIBLE COLLEGE GRACE BIBLE COLLEGE North East Collection 2022-02-11   246 HAO 005329 2025-05-01 c.2 2022-02-11 Books
    Dewey Decimal Classification     GRACE BIBLE COLLEGE GRACE BIBLE COLLEGE North East Collection 2022-02-11   246 HAO 005342 2025-05-01 c.3 2022-02-11 Books
© Grace Bible College Library 2025